Association of RFLP markers with trait loci affecting clubroot resistance and morphological characters in Brassica oleracea L. (Record no. 54572)

MARC details
000 -LEADER
fixed length control field 00434nam a2200145Ia 4500
100 ## - MAIN ENTRY--AUTHOR NAME
Personal name Figdore S S
245 #0 - TITLE STATEMENT
Title Association of RFLP markers with trait loci affecting clubroot resistance and morphological characters in Brassica oleracea L.
260 ## - PUBLICATION, DISTRIBUTION, ETC. (IMPRINT)
Name of publisher Euphytica
Year of publication 1993
300 ## - PHYSICAL DESCRIPTION
Number of Pages 33-44
500 ## - GENERAL NOTE
General note Source Year: 1994
650 ## - SUBJECT ADDED ENTRY--TOPICAL TERM
Topical Term RFLP
856 ## - ELECTRONIC LOCATION AND ACCESS
Uniform Resource Identifier PBA
942 ## - ADDED ENTRY ELEMENTS (KOHA)
Koha item type Journals
Holdings
Withdrawn status Lost status Damaged status Not for loan Home library Current library Date acquired Serial Enumeration / chronology Koha item type
      Journals RRII Library RRII Library 17/12/2021 Volume 69, Issue 02-Jan Journals